Classic Heavy Metal Bands by song title - Statistics

General Stats
  • This quiz has been taken 744 times
  • The average score is 7 of 15
Answer Stats
Hint Answer % Correct
Holy Diver Dio
90%
Children of the Damned Iron Maiden
75%
Disposable Heroes Metallica
75%
Tom Sawyer Rush
69%
Highway Star Deep Purple
68%
Hole in the Sky Black Sabbath
60%
Balls to the Wall Accept
58%
Shot Down in Flames AC DC
43%
Denim and Leather Saxon
42%
God of Thunder Kiss
41%
Chase is Better than the Catch Motorhead
33%
Lights Out UFO
26%
Chinatown Thin Lizzy
18%
Great White Buffalo Amboy Dukes
4%
I Don't Need No Doctor Humble Pie
4%
No matching quizzes found
Score Distribution
Percent of People with Each Score
Percentile by Number Answered
Your Score History
You have not taken this quiz